00541nam a22001217a 4500041000800000082001300008100001500021245002000036260002300056300000700079520030200086650003100388 aEng a232bWRI aWright N T aFollowing Jesus aDelhibISPCKc1994 a96 aThis work outlines the essential message of six major New Testament books, looking in particular at their portrayal of Jesus and what he accomplished in his sacrificial death. It also explores the significance of six key themes from the New Testament, including rebirth, heaven, hell and new life. aChristian life -- Sermons.